| 000 | 01117nas a2200313 4500 | ||
|---|---|---|---|
| 001 | BR9210684 | ||
| 003 | BR-BrBNA | ||
| 005 | 20231205093418.0 | ||
| 007 | ta | ||
| 008 | 230509b bl.|||p| |||| 00| 00por d | ||
| 040 |
_aBR-BrBNA _bpor _cBiblioteca Nacional de Agricultura |
||
| 041 | _a(Pt) | ||
| 072 | _aL53 | ||
| 100 | 1 | _aVicente, W.R.R. | |
| 100 | 1 | _aToniollo, G.H. | |
| 100 | 1 | _aSobreira, L.F. da R. | |
| 100 | 1 | _aLaus, J.L. | |
| 100 | 1 | _aSilva, V.M.S. da | |
| 100 | 1 | _aMoraes, F.R. de | |
| 245 | 1 | _aAvaliacao anatomo histopatologica do efeito do acetato de medroxiprogesterona e do acetato de megestrol sobre o utero de cadelas adultas | |
| 246 | 1 | _aAnatomo histopathologic evaluation of the effect of medroxiprogesterone acetate and megestrol acetate on the uterus of adult bitches | |
| 650 | _aCAO | ||
| 650 | _aCICLO ESTRAL | ||
| 650 | _aENDOMETRITE | ||
| 650 | _aMEDICAMENTO | ||
| 773 | 0 |
_tBrazilian Journal of Veterinary Research and Animal Science (Brazil) _xISSN 0303-7525 _g(1991), v. 28(2) p. 219-229 _wBR9210684 |
|
| 909 |
_a202311 _bLúcia _c55 _dLúcia Elande |
||
| 942 |
_2AGRIS _n0 _cANA |
||
| 999 |
_c138150 _d138150 |
||